Mechanical properties of human enamel and restorative dental materials : dissertation thesis
Saved in:
| Main Author: | |
|---|---|
| Other Authors: | |
| Format: | Manuscript Book |
| Language: | English |
| Published: |
Trnava :
STU v Bratislave MTF UMAT,
2013
|
| Subjects: | |
| Online Access: | VAIS |
| Tags: |
No Tags, Be the first to tag this record!
|
MARC
| LEADER | 00000ntm a22000003a 4500 | ||
|---|---|---|---|
| 001 | stu273854 | ||
| 005 | 20150617230235.7 | ||
| 008 | 130905s2013----xo------------------eng-d | ||
| 040 | |a STU |b slo | ||
| 041 | 0 | |a eng | |
| 044 | |a xo | ||
| 100 | 1 | |a Halgaš, Radoslav, |d 1984- |4 aut |u M1000 |U MTF Materiálovotechnologická fakulta |T MTF Ústav materiálov |X 33243 |U M1000 |Y 81 |7 A000033243 | |
| 242 | 0 | 0 | |a Mechanické vlastnosti zubnej skloviny a výplňových materiálov |y slo |
| 245 | 1 | |a Mechanical properties of human enamel and restorative dental materials : |b dissertation thesis | |
| 260 | |a Trnava : |b STU v Bratislave MTF UMAT, |c 2013 | ||
| 300 | |a 129 s | ||
| 500 | |a Study field number: 3948 | ||
| 500 | |a Study field: 5.2.26 Materials | ||
| 500 | |a Study programme: Materials Engineering | ||
| 650 | 7 | |a Materials Engineering |2 estusub | |
| 650 | 7 | |a nanoindentation |2 estusub | |
| 650 | 7 | |a AFM |2 stusub | |
| 700 | 1 | |a Dusza, Ján, |d 1952- |4 ths |u M1000 |U MTF Materiálovotechnologická fakulta |T MTF Ústav materiálov |X 38005 |U M1000 |Y 81 |7 A000038005 | |
| 856 | 4 | |a info a plný text |u http://is.stuba.sk/zp/portal_zp.pl?podrobnosti=78529 |3 VAIS | |
| 996 | |c M*DzP-385 |l MMSKP |s P |a 0 |w stu273854_0001 | ||